000 00304nam a2200109Ia 4500
008 171211s9999 xx 000 0 und d
245 2 _aA Handbook for Beginning Choral Educators
245 _cWalter Lamble
260 _c2004
650 _xmusic
856 _uhttp://down.ebook777.com/059/9780253344342.pdf
999 _c348699
_d348699